书目信息 |
| 题名: |
穿过鸦片的硝烟
|
|
| 作者: | 阿尔梅洛 著 ;郑柯军 译 | |
| 分册: | ||
| 出版信息: | 北京 北京图书馆出版社 2006.04 |
|
| 页数: | 293页 | |
| 开本: | 20cm | |
| 丛书名: | 亲历中国丛书 | |
| 单 册: | ||
| 中图分类: | K928.9 , I775.64 | |
| 科图分类: | ||
| 主题词: | 游记--you ji--哥伦比亚--近代 | |
| 电子资源: | ||
| ISBN: | 7-5013-2800-5 | |
| 000 | 01245nam 2200301 450 | |
| 001 | 012010311093 | |
| 005 | 20100106153938.76 | |
| 010 | @a7-5013-2800-5@dCNY26.00 | |
| 100 | @a20100106d2006 em y0chiy0120 ea | |
| 101 | 1 | @achi@cspa |
| 102 | @aCN@b110000 | |
| 105 | @aa z 000yy | |
| 106 | @ar | |
| 200 | 1 | @a穿过鸦片的硝烟@Achuan guo ya pian de xiao yan@d= Viaje de nueva granada a China y de China a francia@f(哥伦比亚) 唐可·阿尔梅洛著@F(ge lun bi ya)tang ke·a er mei luo zhu@g郑柯军译@Gzheng ke jun yi@zspa |
| 210 | @a北京@c北京图书馆出版社@d2006.04 | |
| 215 | @a293页@c图@d20cm | |
| 225 | 2 | @a亲历中国丛书@Aqin li zhong guo cong shu |
| 330 | @a19世纪中叶,唐可·阿尔梅洛为逃避哥伦比亚政府的迫害而远走他乡,先后到过古巴、美国、英国、法国以及埃及、印度,最后到达中国。在中国期间适逢第二次鸦片战争爆发,本书详尽描述了战争过程中的各种细节。 | |
| 410 | 0 | @12001 @a亲历中国丛书 |
| 510 | 1 | @aViaje de nueva granada a China y de China a francia@zspa |
| 606 | 0 | @a游记@Ayou ji@y哥伦比亚@z近代 |
| 607 | @a中国@Azhong guo@x游记 | |
| 690 | @aK928.9@v4 | |
| 690 | @aI775.64@v4 | |
| 701 | 1 | @a阿尔梅洛@Aa er mei luo@4著 |
| 702 | 0 | @a郑柯军@Azheng ke jun@4译 |
| 801 | 0 | @aCN@bQSSK@c20100106 |
| 905 | @b771718-20@dK928.9@eA054@f3 | |
| 穿过鸦片的硝烟= Viaje de nueva granada a China y de China a francia/(哥伦比亚) 唐可·阿尔梅洛著/郑柯军译.-北京:北京图书馆出版社,2006.04 |
| 293页:图;20cm.-(亲历中国丛书) |
| ISBN 7-5013-2800-5:CNY26.00 |
| 19世纪中叶,唐可·阿尔梅洛为逃避哥伦比亚政府的迫害而远走他乡,先后到过古巴、美国、英国、法国以及埃及、印度,最后到达中国。在中国期间适逢第二次鸦片战争爆发,本书详尽描述了战争过程中的各种细节。 |
| ● |
| 相关链接 |
|
|
|
正题名:穿过鸦片的硝烟
索取号:K928.9/A054
 
预约/预借
| 序号 | 登录号 | 条形码 | 馆藏地/架位号 | 状态 | 备注 |
| 1 | 771718 | 207717185 | 社科库309/309社科库 20排2列2层/ [索取号:K928.9/A054] | 在馆 | |
| 2 | 771719 | 207717194 | 社科库309/309社科库 20排2列2层/ [索取号:K928.9/A054] | 在馆 | |
| 3 | 771720 | 207717201 | 社科库309/309社科库 20排2列2层/ [索取号:K928.9/A054] | 在馆 |